01574nam a22003257a 4500003000400000005001700004008004100021040002200062082001800084100003000102245003000132260006000162300002100222366000800243490002900251505008500280505027100365505004200636650006000678650005200738650005300790650004300843650004500886650005600931650004700987700003601034942002901070999001501099952013401114OSt20230616095025.0221006b |||||||| |||| 00| 0 eng d cBiblioteca Lado V a709.05bG851a 9855aGriffin, Timeeditor aArtforum/bInternacional/ aNew Yorkc1994bNew York editorial and business offices c26.5x27cma128p. eeng aOctubrev1994x0864-1315 tCOLUMNSaAmerican Myths Glamour Wounds Fashion Agitpop Music Real Life Rock tFEATURESaClair Voyant: Sanit Clair Cemin Carl Barks: Die Stadt der Golden Dacher The Accidental Curator Deviations on a Theme: Paul MacCarthy Being by Numbers Absence Makes the Art: Doris Salcedo His Common Sense: Marcel Duchamp Openings: Inez van Lamsweerde tREVIEWSaFocus: Sense and Sensibility 2Tesauro de Arte & ArquitecturaaARTE COMTEMPORANEO9703 2Tesauro de Arte & ArquitecturaaFOTOGRAFIA9702 2Tesauro de Arte & ArquitecturaaARTE VISUAL9702 2Tesauro de Arte & ArquitecturaaLIBROS 2Tesauro de Arte & ArquitecturaaNOTICIAS 2 Tesauro de Arte & ArquitecturaaARTE INTERNACIONAL 2 Tesauro de Arte & ArquitecturaaESCULTURA aNavarreta, Jose Antonioeeditor 2ddcc1h709.05iG851an0 c3851d3851 00102ddc3199440708RevistasaLVbLVd2023-06-16hOctubrei002504l0o709.05 G851ap002504r2023-06-16 00:00:00w2023-06-16y1